Library Logo

Pioneer International University Library Catalogue

Blue heaven / (Record no. 2978)

MARC details
000 -LEADER
fixed length control field 00472pam a2200169 a 4500
005 - DATE AND TIME OF LATEST TRANSACTION
control field 20250901165357.0
008 - FIXED-LENGTH DATA ELEMENTS--GENERAL INFORMATION
fixed length control field 871023s1988 nyu 000 1 eng
010 ## - LIBRARY OF CONGRESS CONTROL NUMBER
LC control number 87029235
020 ## - INTERNATIONAL STANDARD BOOK NUMBER
International Standard Book Number 0140107649 (pbk.) :
Terms of availability $7.95
050 00 - LIBRARY OF CONGRESS CALL NUMBER
Classification number PS3561.E365 .K44 1988
Item number B56 1988
082 00 - DEWEY DECIMAL CLASSIFICATION NUMBER
Classification number 813/.54
Edition information 19
100 1# - MAIN ENTRY--PERSONAL NAME
Personal name Keenan, Joe.
245 10 - TITLE STATEMENT
Title Blue heaven /
Statement of responsibility, etc. Joe Keenan.
260 ## - PUBLICATION, DISTRIBUTION, ETC.
Place of publication, distribution, etc. New York, N.Y., U.S.A. :
Name of publisher, distributor, etc. Penguin Books,
Date of publication, distribution, etc. 1988.
300 ## - PHYSICAL DESCRIPTION
Extent 279 p. ;
Dimensions 20 cm.
942 ## - ADDED ENTRY ELEMENTS (KOHA)
Source of classification or shelving scheme Dewey Decimal Classification
Holdings
Withdrawn status Lost status Source of classification or shelving scheme Damaged status Not for loan Home library Current library Shelving location Date acquired Total checkouts Full call number Barcode Date last seen Date last checked out Price effective from Koha item type
    Library of Congress Classification     Main Library Main Library   03/18/2021 4 PS3561.E365 .K44 1988 PIU0007060 12/04/2024 11/19/2024 03/18/2021 Books